ბათუმის შოთა რუსთაველის სახელმწიფო უნივერსიტეტის ბიბლიოთეკა

ქართული 2 კლასი : (ბიბ.ჩანაწერი № 54753)

000 -ლიდერი
ფიქსირებული სიგრძის საკონტროლო ველი 01121nam a2200253Ia 4500
001 - საკონტროლო ნომერი
საკონტროლო ველი 21820
003 - საკონტროლო ნომრის იდენტიფიკატორი
საკონტროლო ველი GE_BSU
005 - ბოლო ოპერაციის თარიღი და დრო
საკონტროლო ველი 20220523163426.0
008 - ფიქსირებული სიგრძის მონაცემთა ელემენტები - ზოგადი ინფორმაცია
ფიქსირებული სიგრძის საკონტროლო ველი 181216s2007||||ge |||||||||||||| ||geo||
020 ## - წიგნის საერთაშორისო სტანდარტული ნომერი
International Standard Book Number 99941-10-001-7
040 ## - კატალოგიზაციის წყარო
Transcribing agency GE_BSU
041 ## - ენის კოდი
Language code of text/sound track or separate title geo
080 ## - უნივერსალური ათობითი კლასიფიკაციის ინდექსი
Universal Decimal Classification number 811.353.1-8(075.3) მ-40
100 ## - მთავარი ჩანაწერი - პიროვნების სახელი
Personal name მაღლაკელიძე, ნათელა
9 (RLIN) 13562
245 ## - ცნობა სათაურის შესახებ
Title ქართული 2 კლასი :
Remainder of title მოსწავლის სახელმძღვანელო /
Statement of responsibility, etc ნათელა მაღლაკელიძე, ცისანა ყურაშვილი, ელენე მაღლაკელიძე.
264 ## - წარმოების, გამოცემის, დისტრიბუციის და სხვა ცნობები
გამოცემის, წარმოების, დისტრიბუციის... ადგილი თბილისი :
გამოცემის, წარმოების, დისტრიბუციის... სახელწოდება მერიდიანი,
გამოცემის, წარმოების, დისტრიბუციის... თარიღი 2007.
300 ## - ფიზიკური აღწერა
Extent 144 გვ. :
Other physical details ილ. ;
Dimensions 29 სმ.
653 ## - INDEX TERM--UNCONTROLLED
Uncontrolled term ქართული 2 კლასი
653 ## - INDEX TERM--UNCONTROLLED
Uncontrolled term ქართული ენა
700 ## - ADDED ENTRY--PERSONAL NAME
Personal name ყურაშვილი, ცისანა
Relator term ავტორი
9 (RLIN) 13810
700 ## - ADDED ENTRY--PERSONAL NAME
Personal name მაღლაკელიძე, ელენე
Relator term ავტორი
9 (RLIN) 13811
942 ## - ADDED ENTRY ELEMENTS (KOHA)
Koha item type წიგნი
Source of classification or shelving scheme
ეგზემპლარები
ჩამოწერის სტატუსი დაკარგული ეგზემპლარის სტატუსი კლასიფიკაციის წყარო ან თაროზე გაწყობის სქემა დაზიანების სტატუსი არ გაიცემა მუდმივი მდებარეობა (დაცვის ადგილი) ამჟამინდელი ადგილსამყოფელი თაროზე განთავსების ადგილი შეძენის თარიღი ღირებულება, შესყიდვის ნორმალური ფასი სრული შენახვის შიფრი შტრიხკოდი ბოლო ოპერაციის თარიღი ეგზემპლარის მიმდევრობითი ნომერი (კეტერი?) ფასის ძალაში შესვლის თარიღი ეგზემპლარის სახეობა საჯარო შენიშვნა
          ბათუმის შოთა რუსთაველის სახელმწიფო უნივერსიტეტის მთავარი ბიბლიოთეკა ბათუმის შოთა რუსთაველის სახელმწიფო უნივერსიტეტის მთავარი ბიბლიოთეკა წიგნსაცავი 2018-12-17 8.00 811.353.1-8(075.3) მ-40 56286 2018-12-17 56286 2018-12-17 წიგნი 8.00₾.
          ბათუმის შოთა რუსთაველის სახელმწიფო უნივერსიტეტის მთავარი ბიბლიოთეკა ბათუმის შოთა რუსთაველის სახელმწიფო უნივერსიტეტის მთავარი ბიბლიოთეკა წიგნსაცავი 2018-12-17 8.00 811.353.1-8(075.3) მ-40 56287 2018-12-17 56287 2018-12-17 წიგნი 8.00₾.
          ბათუმის შოთა რუსთაველის სახელმწიფო უნივერსიტეტის მთავარი ბიბლიოთეკა ბათუმის შოთა რუსთაველის სახელმწიფო უნივერსიტეტის მთავარი ბიბლიოთეკა წიგნსაცავი 2018-12-17 8.00 811.353.1-8(075.3) მ-40 56288 2018-12-17 56288 2018-12-17 წიგნი 8.00₾.